| 000 | 00523cam a22002171 4500 | ||
|---|---|---|---|
| 001 | sa 64003434 | ||
| 003 | DLC | ||
| 005 | 20260227112017.0 | ||
| 008 | 890731s1963 ii 000 0 hino | ||
| 010 | _asa 64003434 | ||
| 035 | _a(OCoLC)20102376 | ||
| 040 |
_aDLC _cWaU _dDLC |
||
| 042 | _apremarc | ||
| 050 | 0 | 0 |
_aPK2098.J26 _bZ85 |
| 100 | 1 |
_aPrakash, Satya., _d1922- |
|
| 245 | 1 | 0 | _aJainendra. |
| 260 | _c[1963] | ||
| 300 |
_a14, 255 p. _c22 cm. |
||
| 500 | _aIn Hindi. | ||
| 600 | 0 | 0 |
_aJainendra KumÄra, _d1905-1988. |
| 999 |
_c57929 _d57929 |
||